Las enfermedades genéticas en el hombre [ (Record no. 3713)
[ view plain ]
| 000 -LEADER | |
|---|---|
| campo de control de longitud fija | 01238nkm a2200277 i 4500 |
| 001 - NÚMERO DE CONTROL | |
| campo de control | 3713 |
| 003 - IDENTIFICADOR DE NÚMERO DE CONTROL | |
| campo de control | ES-MaACL |
| 005 - FECHA Y HORA DE LA ÚLTIMA TRANSACCIÓN | |
| campo de control | 20250713062807.0 |
| 007 - CAMPO FIJO DE DESCRIPCIÓN FÍSICA--INFORMACIÓN GENERAL | |
| campo de control de longitud fija | khrbo |
| 008 - DATOS DE LONGITUD FIJA--INFORMACIÓN GENERAL | |
| campo de control de longitud fija | 070605s1986 sp --- g |001||spa d |
| 100 0# - ENTRADA PRINCIPAL--NOMBRE DE PERSONA | |
| Nombre de persona | Alfonso, |
| Fechas asociadas al nombre | 1902-1990 |
| 9 (RLIN) | 19858 |
| 245 14 - MENCIÓN DEL TÍTULO | |
| Título | Las enfermedades genéticas en el hombre [ |
| Medio | Fotografía] / |
| Mención de responsabilidad, etc. | Alfonso (sello). |
| 260 ## - PUBLICACIÓN, DISTRIBUCIÓN, ETC. | |
| Lugar de publicación, distribución, etc. | [S.l. : |
| Nombre del editor, distribuidor, etc. | s.n.], |
| Fecha de publicación, distribución, etc. | 1986. |
| 300 ## - DESCRIPCIÓN FÍSICA | |
| Extensión | 7 fot. : |
| Otras características físicas | b. y n. ; |
| Dimensiones | 12 x 18 cm. |
| 500 ## - NOTA GENERAL | |
| Nota general | Datos basados en invitación. |
| 511 0# - NOTA DE PARTICIPANTES O INTÉRPRETES | |
| Nota de participantes o intérpretes | Interviene: Prof. Abrisqueta. |
| 518 ## - NOTA DE FECHA/HORA Y LUGAR DE UN ACONTECIMIENTO | |
| Nota de fecha/hora y lugar de un acontecimiento | Acto organizado por la Sección de Ciencias del Ateneo de Madrid en colaboración con el Consejo Superior de Investigaciones Científicas, celebrado en el salón de actos el viernes, 14 de febrero de 1986, a las 20:00 h. |
| 600 14 - PUNTO DE ACCESO ADICIONAL DE MATERIA--NOMBRE DE PERSONA | |
| Nombre de persona | Abrisqueta, José Antonio, |
| 9 (RLIN) | 18176 |
| 610 24 - PUNTO DE ACCESO ADICIONAL DE MATERIA--NOMBRE DE ENTIDAD CORPORATIVA | |
| Nombre de entidad corporativa o nombre de jurisdicción como elemento de entrada | Ateneo de Madrid- |
| Subdivisión general | Actos culturales- |
| Subdivisión cronológica | 1986- |
| Subdivisión de forma | Fotografías. |
| 9 (RLIN) | 1901 |
| 650 14 - PUNTO DE ACCESO ADICIONAL DE MATERIA--TÉRMINO DE MATERIA | |
| Término de materia o nombre geográfico como elemento de entrada | Genética médica. |
| 9 (RLIN) | 13062 |
| 710 2# - ENTRADA AGREGADA--NOMBRE DE ENTIDAD CORPORATIVA | |
| Nombre de entidad corporativa o nombre de jurisdicción como elemento de entrada | Ateneo de Madrid. |
| Unidad subordinada | Sección de Ciencias. |
| 9 (RLIN) | 1972 |
| 710 2# - ENTRADA AGREGADA--NOMBRE DE ENTIDAD CORPORATIVA | |
| Nombre de entidad corporativa o nombre de jurisdicción como elemento de entrada | Consejo Superior de Investigaciones Científicas (España) |
| 9 (RLIN) | 3236 |
| 852 ## - LOCALIZACIÓN | |
| Ubicación | ES-MaACL |
| Número de control de estantería | FOT 35/1986 |
| 856 4# - LOCALIZACIÓN Y ACCESO ELECTRÓNICOS | |
| Identificador Uniforme de Recursos | <a href="http://www.ateneodemadrid.net/biblioteca_digital/imagenes/1986/0035-1986.jpg">http://www.ateneodemadrid.net/biblioteca_digital/imagenes/1986/0035-1986.jpg</a> |
| Nota pública | Ver imagen |
| Estatus retirado | Estado de pérdida | Estado de daño | No para préstamo | Colección | Biblioteca de origen | Biblioteca actual | Ubicación en estantería | Fecha de adquisición | Fuente de adquisición | Total de préstamos | Signatura topográfica completa | Código de barras | Visto por última vez | Precio de reemplazo | Tipo de ítem Koha |
|---|---|---|---|---|---|---|---|---|---|---|---|---|---|---|---|
| Colección digital | Biblioteca del Ateneo de Madrid | Biblioteca del Ateneo de Madrid | Depósito Z | 17/01/2008 | FOT 35/1986 | 1003776 | 23/02/2023 | 23/02/2023 | Fotografía |
